000 00508nam a2200193 a 4500
001 8012
003 CO-ViMGA
008 141112s2004 ck r 000 u spa d
020 _a8470033077
040 _aCO-ViMGA
_bspa
_cCO-ViMGA
082 0 4 _a636.408 C652k
100 1 _aCencellon Martinez, Antonio
_97603
245 1 0 _aTratado de Porcinocultura Vol.3
260 _aBarcelona (E),
_cAedos,
_c1991
300 _a405.p.
505 _aLa canal y la carne porcina
650 1 4 _aPORCICULTURA
942 _2ddc
_cBK
999 _c19835
_d19835